00700cam a2200217 a 450000100100000000500170001000800410002702000150006804000230008308200190010610000210012524500470014626000350019330000280022844000320025650400410028860000390032965000560036865000240042470000340044800000339920200929150429.0890808s1989 ck a b 000 0 spa  a9589043615 aDO-SdBNPcDLCdDLC aCO860.9bP349j1 aPeña, Isaías10aJosé Eustasio Rivera /cIsaías Peña. aBogotá :bProcultura,c1989. a142 p. :bil. ;c19 cm. 0aClásicos colombianos ;v2 aIncluye referencias bibliográficas10aRIVERA JOSÉ, EUSTASIOd1888-1928 4aLiteratura colombianaxCrítica e interpretación 4aCrítica literaria1 aPeña Gutiérrez, Isaías.